[Event "LSS OP-2008-0-00474"]
[Site "LSS email"]
[Date "2008.02.07"]
[Round "?"]
[White "Valdez Aguero, Daniel"]
[Black "Mennealy, Scott"]
[Result "0-1"]
[WhiteElo "1519"]
[BlackElo "1940"]
[PlyCount "42"]
[EventDate "2008.02.06"]
[EventType "tourn (corr)"]
[EventRounds "4"]
[EventCountry "GER"]
[SourceTitle "Corr 2011"]
[Source "ChessBase"]
[SourceDate "2010.08.31"]
[SourceVersion "1"]
[SourceVersionDate "2010.08.31"]
[SourceQuality "1"]

1. d4 Nf6 2. c4 g6 3. Nc3 d5 4. cxd5 Nxd5 5. e4 Nxc3 6. bxc3 Bg7 7. Bc4 c5 8. Ne2 Nc6 9. Be3 0-0 10. 0-0 Bg4 11. f3 Na5 12. Bxf7+ Rxf7 13. fxg4 Rxf1+ 14. Kxf1 Qd6 15. Kg1 Qe6 16. Ng3 Qc4 17. Qd2 Rd8 18. Rd1 cxd4 19. cxd4 Qa4 20. d5 Nc4 21. Qd3 Nxe3 0-1

[Event "LSS RB-2008-0-00003"]
[Site "LSS email"]
[Date "2008.02.03"]
[Round "?"]
[White "Nguyen, Hao Nhien"]
[Black "Mennealy, Scott"]
[Result "0-1"]
[WhiteElo "1834"]
[BlackElo "1940"]
[PlyCount "36"]
[EventDate "2008.01.29"]
[EventType "tourn (corr)"]
[EventRounds "6"]
[EventCountry "GER"]
[SourceTitle "Corr 2011"]
[Source "ChessBase"]
[SourceDate "2010.08.31"]
[SourceVersion "1"]
[SourceVersionDate "2010.08.31"]
[SourceQuality "1"]

1. e4 c5 2. f4 d5 3. exd5 Nf6 4. c4 e6 5. dxe6 Bxe6 6. Nf3 Nc6 7. Nc3 Bd6 8. d3 0-0 9. Be2 Re8 10. 0-0 Qe7 11. Re1 Rad8 12. Bd2 Bb8 13. Ng5 Qd7 14. Nxe6 Rxe6 15. Bf1 Bxf4 16. Bxf4 Qd4+ 17. Kh1 Rxe1 18. Qxe1 Qxf4 0-1

[Event "LSS CP-2006-P-00059"]
[Site "LSS email"]
[Date "2006.10.01"]
[Round "?"]
[White "Varas, Pablo"]
[Black "Mennealy, Scott"]
[Result "1-0"]
[WhiteElo "941"]
[BlackElo "1929"]
[PlyCount "23"]
[EventDate "2006.10.01"]
[EventType "tourn (corr)"]
[EventRounds "6"]
[EventCountry "GER"]
[SourceTitle "Corr 2015"]
[Source "ChessBase"]
[SourceDate "2015.07.17"]
[SourceVersion "1"]
[SourceVersionDate "2015.07.17"]
[SourceQuality "1"]

1. d4 Nf6 2. c4 e6 3. Nc3 Bb4 4. Qb3 Nc6 5. Nf3 d5 6. cxd5 Qxd5 7. Bd2 Qxb3 8. axb3 0-0 9. e3 Rd8 10. Nb5 Bxd2+ 11. Nxd2 Nd5 12. Bc4 1-0

[Event "IECG TE.2005.P.01830 email"]
[Site "IECG email"]
[Date "2005.03.24"]
[Round "?"]
[White "Mennealy, Scott"]
[Black "Yukman, Tham"]
[Result "1-0"]
[WhiteElo "1940"]
[BlackElo "2068"]
[PlyCount "57"]
[EventDate "2005.03.24"]
[EventType "tourn (corr)"]
[EventRounds "12"]
[SourceTitle "Corr 2024"]
[Source "ChessBase"]
[SourceDate "2023.10.19"]
[SourceVersion "1"]
[SourceVersionDate "2023.10.19"]
[SourceQuality "1"]

1. d4 Nf6 2. c4 c5 3. d5 b5 4. Nf3 g6 5. Qc2 Bg7 6. cxb5 Nxd5 7. e4 Nc7 8. Qxc5 a6 9. b6 Ne6 10. Qc2 0-0 11. Be3 Bb7 12. Bc4 d6 13. Nc3 Nc6 14. Rd1 Qd7 15. 0-0 Rfc8 16. Rfe1 Na5 17. Bd5 Nc4 18. Qa4 Qxa4 19. Nxa4 Rab8 20. Rc1 Nxe3 21. Bxb7 Rc4 22. b3 Nxg2 23. Kxg2 Rxc1 24. Rxc1 Rxb7 25. Rc8+ Bf8 26. Nd2 d5 27. b4 d4 28. Nc4 d3 29. Kf1 1-0

[Event "IECG L1.2000.0.00013 email"]
[Site "IECG email"]
[Date "2000.05.28"]
[Round "?"]
[White "Gallet, Gilles"]
[Black "Mennealy, Scott"]
[Result "1-0"]
[WhiteElo "1809"]
[BlackElo "2002"]
[PlyCount "31"]
[EventDate "2000.05.28"]
[EventType "tourn (corr)"]
[EventRounds "14"]
[SourceTitle "Corr 2008"]
[Source "ChessBase"]
[SourceDate "2008.06.24"]
[SourceVersion "1"]
[SourceVersionDate "2008.06.24"]
[SourceQuality "1"]

1. d4 Nf6 2. Nf3 g6 3. c4 Bg7 4. g3 b6 5. Bg2 Bb7 6. 0-0 0-0 7. d5 c6 8. Nc3 cxd5 9. cxd5 d6 10. Nd4 a5 11. Bg5 Na6 12. Rc1 Rc8 13. Qd2 Qd7 14. Nc6 Nxd5 15. Nxd5 Bxc6 16. Nxe7+ 1-0

[Event "IECG L1.2000.0.00013 email"]
[Site "IECG email"]
[Date "2000.05.28"]
[Round "?"]
[White "Mennealy, Scott"]
[Black "Pinasco, Damian"]
[Result "0-1"]
[WhiteElo "2002"]
[BlackElo "1904"]
[PlyCount "24"]
[EventDate "2000.05.28"]
[EventType "tourn (corr)"]
[EventRounds "14"]
[SourceTitle "Corr 2008"]
[Source "ChessBase"]
[SourceDate "2008.06.24"]
[SourceVersion "1"]
[SourceVersionDate "2008.06.24"]
[SourceQuality "1"]

1. d4 e6 2. Nf3 c5 3. c3 Nc6 4. e3 d5 5. Bd3 Nf6 6. 0-0 Bd6 7. Nbd2 0-0 8. Qe2 Nd7 9. Re1 f5 10. Nf1 c4 11. Bc2 b5 12. Ng3 Nf6 0-1

[Event "IECG L1.2000.0.00013 email"]
[Site "IECG email"]
[Date "2000.05.28"]
[Round "?"]
[White "Mennealy, Scott"]
[Black "Simon, Holger"]
[Result "0-1"]
[WhiteElo "2002"]
[BlackElo "1979"]
[PlyCount "30"]
[EventDate "2000.05.28"]
[EventType "tourn (corr)"]
[EventRounds "14"]
[SourceTitle "Corr 2008"]
[Source "ChessBase"]
[SourceDate "2008.06.24"]
[SourceVersion "1"]
[SourceVersionDate "2008.06.24"]
[SourceQuality "1"]

1. d4 Nf6 2. Nf3 g6 3. Bg5 Bg7 4. Nbd2 0-0 5. e4 c5 6. c3 cxd4 7. cxd4 d5 8. e5 Ne4 9. Be3 f6 10. Bd3 Nxd2 11. Qxd2 Nc6 12. Bf4 Nxd4 13. Nxd4 fxe5 14. Bxe5 Bxe5 15. Nf3 Bf4 0-1